Archeological reports from the Tabqa Dam project-Euphrates Valley, Syria /

محفوظ في:

مؤلفون آخرون: Freedman, David Noel, 1922-2008., Lundquist, John M.

التنسيق: كتاب

اللغة: English
French
German

منشور في: Cambridge, MA : American Schools of Oriental Research, c1979.

سلاسل: Annual of the American Schools of Orienal Research ; 44.
AASOR ; 44.

الموضوعات:

الوسوم: إضافة وسم

لا توجد وسوم, كن أول من يضع وسما على هذه التسجيلة!

رقم الطلب: DS101 .A45 v.44

LEADER 01178namaa2200325 4500
001 20980
003 OSt
005 20260219121222.0
008 130303s1979 maua b 001 0 eng d
020 |a 0897570448 
040 |c ARCE Library 
041 0 |a eng  |a fre  |a ger 
043 |a a-sy--- 
050 4 |a DS101 .A45 v.44 
245 0 0 |a Archeological reports from the Tabqa Dam project-Euphrates Valley, Syria /   |c edited by David Noel Freedman, with the assistance of John M. Lundquist. 
264 1 |a Cambridge, MA :  |b American Schools of Oriental Research,  |c c1979. 
300 |a viii, 182 pages :  |b illustrations ;  |c 29 cm. 
490 0 |a Annual of the American Schools of Orienal Research ;   |v 44. 
490 0 |a AASOR ;   |v 44. 
504 |a Includes bibliographical references and index. 
546 |a English, French, or German. 
650 0 |a Excavations (Archaeology)  |z Syria. 
650 0 |a Excavations (Archaeology)  |z Euphrates River Valley. 
651 0 |a Syria  |x Antiquities. 
651 0 |a Euphrates River Valley  |x Antiquities. 
700 1 |a Freedman, David Noel,   |d 1922-2008. 
700 1 |a Lundquist, John M.  |9 34986 
901 |a reviewed 
942 |2 lcc  |c BK 
999 |c 18319  |d 18319